Statistics for Israeli wars since 1948

Click here to take the quiz!

General Stats

  • This quiz has been taken 31 times
  • The average score is 5 of 12

Answer Stats

HintAnswer% Correct
1973Yom Kippur war
92%
1967Six day war
85%
20062nd Lebanon War
58%
(Official) 2023-CurrentIsrael-Hamas War
58%
(1987-1993)First intifada
50%
1982Lebanon War
50%
(2000-2005)Second intifada
50%
1956Suez Crisis
46%
1948Arab-Israeli War
27%
(2008-2009)Operation Cast Lead
15%
2012Operation Pillar of Defense
8%
2014Operation Projection Edge
0%

Score Distribution

Percentile by Number Answered

Percent of People with Each Score

Your Score History

You have not taken this quiz